Statistiques concernant Diocèse de France sur une carte.

Cliquez ici pour prendre le quiz!

Statistiques générales

  • Ce quiz a été pris 296 fois
    (293 depuis la dernière actualisation)
  • Le résultat moyen est 74 sur 104

Réponses sur la Carte

Les réponses sont colorées sur une échelle allant du rouge au vert en fonction du pourcentage des utilisateurs qui les ont devinées à leur premier essai. Vous pouvez retrouver ces pourcentages ci-dessous.
 

Statistiques - réponses

Diocèse% Correct
Nancy et Toul
95%
Paris
95%
Rennes
95%
Ajaccio
94%
Lille
94%
Nantes
94%
Nice
94%
Belley-Ars
93%
Bordeaux
93%
Strasbourg
93%
Marseille
92%
Toulouse
92%
Reims
91%
Saint-Denis
91%
Lyon
90%
Clermont
89%
Fréjus-Toulon
89%
Metz
89%
Aix-en-Provence et Arles
88%
Grenoble-Vienne
88%
La Rochelle et Saintes
88%
Montpellier
88%
Perpignan-Elne
88%
Amiens
86%
Dijon
86%
Nîmes
86%
Orléans
86%
Tours
86%
Versailles
86%
Angers
85%
Avignon
85%
Belfort-Montbéliard
85%
Carcassonne et Narbonne
85%
Le Mans
85%
Rouen
85%
Saint-Denis de la Réunion
85%
Annecy
84%
Quimper et Léon
84%
Le Havre
83%
Vannes
83%
Bayonne
82%
Besançon
82%
Sens et Auxerre
82%
Valence
82%
Cayenne
81%
Limoges
81%
Saint-Pierre et Fort de France
81%
Albi, Castres et Lavaur
80%
Arras
80%
Chambéry
80%
Poitiers
80%
Saint-Étienne
80%
Beauvais
77%
Bourges
77%
Gap et Embrun
77%
Saint-Brieuc et Tréguier
77%
Chartres
76%
Tarbes et Lourdes
76%
Troyes
76%
Laval
74%
Le Puy-en-Velay
74%
Nevers
74%
Aire et Dax
73%
Nouméa
73%
Basse-Terre et Pointe-à-Pitre
72%
Rodez
72%
Angoulême
71%
Bayeux-Lisieux
71%
Périgueux
71%
Blois
70%
Évreux
70%
Châlons-en-Champagne
69%
Agen
68%
Évry-Corbeil-Essonnes
66%
Mende
66%
Tulle
66%
Auch
65%
Montauban
65%
Nanterre
65%
Moulins
63%
Digne
62%
Créteil
60%
Cahors
59%
Verdun
59%
Coutances-Avranches
56%
Meaux
56%
Pontoise
54%
Saint-Dié
52%
Cambrai
51%
Soissons
51%
Papeete
48%
Autun
41%
Pamiers
40%
Langres
35%
Luçon
35%
Wallis et Futuna
33%
Saint-Flour
32%
Mayotte (vicariat des Comores)
29%
Saint-Claude
28%
Séez
19%
Viviers
14%
Diocèse aux Armées
8%
Mission de France
5%
Taiohae ou Tefenuaenata
4%

Distribution des résultats

Percentile par nombre de réponses

% des personnes avec chaque résultat

Votre développement - résultats

Vous n’avez pas pris ce quiz depuis la dernière actualisation